000 00535 a2200169 4500
003 NUST
005 20251103140836.0
040 _cNust
082 _a621.382,KHA
100 _aKhalid, NC Sarosh (TE-43-A)
_9131432
245 _aDesign and Implementation of an SDR Platform surveillance applications /
_cNC Sarosh Khalid, NC Mohaira Ahmad , NC Muhammad Adnan,NC Umair Ahmed Peerzada
260 _aRawalpindi
_bMCS
_cAugust 2010
300 _a65 p.;
650 _aUG Projects
_998716
651 _aTE-43-A
_9131433
942 _cPR
_2ddc
999 _c188367
_d188367